000 01031nam a22003017a 4500
003 DO-SdBPM
005 20250808112325.0
007 ta
008 171124b 2002 cu ||| 00| 0 spa d
040 _aDO-SdBPM
_bspa
_cBPMSU
_erda
082 4 _a972.91
_bT693h 2002
_222
100 1 _aTorres-Cuevas, Eduardo
_eautor
245 1 0 _aHistoria de Cuba, 1492-1898 :
_bformación y liberación de la nación /
_cEduardo Torres-Cuevas, Oscar Loyola Vega
250 _a2a. ed.
260 _a
264 _aLa Habana :
_bPueblo y Educación,
_c2002
300 _a404 páginas ;
_c23 cm.
_b
336 _atexto
_btxt
_2rdacontent
337 _asin mediación
_bn
_2rdamedia
338 _avolumen
_bnc
_2rdacarrier
500 _aIncluye referencias bibliográficas y notas al pie de las paginas
590 _aInventariado, 2025/VM
651 7 _aCuba
_xHistoria.
_y1492-1898
651 7 _aCuba
_xPolítica y gobierno
_xHistoria.
700 1 _aLoyola Vega, Oscar
_eautor
910 _aVMateo V. Control de calidad. BPMSU
942 _2ddc
_cBK
999 _c13083
_d13083